[Event "TV Borken 1 - SG Turm Raesfeld/Erle 2"]
[Site "Regionalliga Münsterland 2019"]
[Date "2019.11.30"]
[Round "4.3"]
[White "Kadenbach, Wolfgang"]
[Black "Farwick, Christian"]
[Result "0-1"]
[WhiteElo "1775"]
[BlackElo "1843"]
[PlyCount "114"]
[EventDate "2019.??.??"]
[SourceDate "2019.09.14"]

1. d4 Nf6 2. c4 e6 3. Nc3 d5 4. Nf3 Be7 5. Bg5 h6 6. Bh4 O-O 7. e3 Nbd7 8. Rc1
b6 9. Bxf6 Nxf6 10. cxd5 exd5 11. Ne5 Bb7 12. Bd3 c5 13. O-O Rc8 14. Ne2 Qd6
15. Ng3 c4 16. Nf5 Qe6 17. Bb1 b5 18. Qf3 Ne4 19. Qg4 g5 20. Qh3 h5 21. Nxe7+
Qxe7 22. Qxh5 Kg7 23. f4 Rh8 24. Qe2 f6 25. Bxe4 dxe4 26. f5 Qd6 27. Ng4 Rh4
28. g3 Rh3 29. Kg2 Rch8 30. b3 Bd5 31. bxc4 Bxc4 32. Rxc4 bxc4 33. Qxc4 R3h7
34. Rb1 Rf8 35. Qc2 Qa6 36. Rb2 Re8 37. Qc5 Kh8 38. Qd5 Rhe7 39. Rc2 Kg7 40.
Nf2 Qa3 41. Ng4 Qd3 42. Qc6 Rf8 43. a4 Qd1 44. h3 Qf3+ 45. Kh2 Qxf5 46. Rf2 Qe6
47. Qb5 Rc7 48. Qa5 Rcf7 49. Qc3 Rb8 50. Kg2 Qd5 51. Qe1 Rc8 52. Qf1 Rc6 53.
Qd1 Rfc7 54. Kh2 Qc4 55. Kg2 Qd3 56. Rd2 Rc2 57. Rxc2 Rxc2+ 0-1

[Event "TV Borken 1 - SG Turm Raesfeld/Erle 2"]
[Site "Regionalliga Münsterland 2019"]
[Date "2019.11.30"]
[Round "4.4"]
[White "Boldrick, Marcel"]
[Black "Fasselt, Hendrik"]
[Result "1-0"]
[WhiteElo "1653"]
[BlackElo "1836"]
[PlyCount "77"]
[EventDate "2019.??.??"]
[SourceDate "2019.09.14"]

1. e4 d6 2. Nf3 e5 3. d4 Nd7 4. Nc3 Ngf6 5. Bc4 Be7 6. Ng5 O-O 7. Bxf7+ Rxf7 8.
Ne6 Qe8 9. Nxc7 Qd8 10. Nxa8 b6 11. f3 Ba6 12. Nxb6 axb6 13. Be3 Qc7 14. Qd2 b5
15. O-O Nb6 16. b3 b4 17. Ne2 d5 18. dxe5 Bxe2 19. Qxe2 Ne8 20. Qb5 Bd8 21.
Qxe8+ Rf8 22. Qe6+ Qf7 23. exd5 Nxd5 24. Qxf7+ Kxf7 25. Bc5 Re8 26. f4 g6 27.
g3 Ke6 28. Rfd1 Bc7 29. a3 bxa3 30. Rxa3 Nc3 31. Rd3 Ne4 32. Ra6+ Kf5 33. Be3
g5 34. Kg2 gxf4 35. Bxf4 Bxe5 36. Rd5 Nf6 37. Rxe5+ Rxe5 38. Bxe5 Kxe5 39. Rxf6
1-0

[Event "TV Borken 1 - SG Turm Raesfeld/Erle 2"]
[Site "Regionalliga Münsterland 2019"]
[Date "2019.11.30"]
[Round "4.5"]
[White "Boelker, Franz"]
[Black "Klueppel, Ralf"]
[Result "1/2-1/2"]
[WhiteElo "1762"]
[BlackElo "1784"]
[PlyCount "26"]
[EventDate "2019.??.??"]
[SourceDate "2019.09.14"]

1. d4 Nf6 2. c4 g6 3. Nc3 d5 4. Bg5 Ne4 5. Bf4 Nxc3 6. bxc3 Bg7 7. e3 c5 8. Nf3
O-O 9. cxd5 Qxd5 10. Be2 cxd4 11. cxd4 Qa5+ 12. Nd2 Nc6 13. O-O e5 1/2-1/2

[Event "TV Borken 1 - SG Turm Raesfeld/Erle 2"]
[Site "Regionalliga Münsterland 2019"]
[Date "2019.11.30"]
[Round "4.6"]
[White "Bohn, Andreas"]
[Black "Terhart, Juergen"]
[Result "1/2-1/2"]
[WhiteElo "1835"]
[BlackElo "1776"]
[PlyCount "48"]
[EventDate "2019.??.??"]
[SourceDate "2019.09.14"]

1. c4 b6 2. d4 Nf6 3. Nc3 Bb7 4. e3 e6 5. Nf3 Be7 6. Be2 O-O 7. O-O d5 8. b3
Nbd7 9. Bb2 Rc8 10. Rc1 c5 11. h3 Bd6 12. Re1 Bb8 13. cxd5 exd5 14. Na4 Qe7 15.
Rc2 Ne4 16. dxc5 bxc5 17. Qa1 f6 18. Nd2 Qd6 19. Nf1 Qe7 20. Nc3 f5 21. Rd1
Ndf6 22. Qc1 Rfd8 23. Bf3 Qc7 24. Nb5 Qb6 1/2-1/2

[Event "TV Borken 1 - SG Turm Raesfeld/Erle 2"]
[Site "Regionalliga Münsterland 2019"]
[Date "2019.11.30"]
[Round "4.7"]
[White "Suer, Julian"]
[Black "Schmidt, Sebastian"]
[Result "1/2-1/2"]
[WhiteElo "1779"]
[BlackElo "1601"]
[PlyCount "72"]
[EventDate "2019.??.??"]
[SourceDate "2019.09.14"]

1. e4 e5 2. Nf3 Nc6 3. Bc4 Bc5 4. b4 Bxb4 5. c3 Bd6 6. d4 h6 7. O-O Nf6 8. Re1
O-O 9. Nh4 Re8 10. Nf5 Bf8 11. Qf3 exd4 12. Qg3 d5 13. Nxh6+ Kh7 14. Nxf7 Qd7
15. Ng5+ Kg8 16. Bb3 Na5 17. cxd4 Nxb3 18. Qxb3 b6 19. Nc3 Bb7 20. e5 Nh7 21.
Nce4 Nxg5 22. Nxg5 Be7 23. e6 Bxg5 24. Bxg5 Rxe6 25. Bf4 Rae8 26. Rxe6 Rxe6 27.
Be5 c5 28. h3 cxd4 29. Bxd4 Ba6 30. a4 Bc4 31. Qg3 Re4 32. Qc3 Qe7 33. Rc1 Qg5
34. Re1 Rxe1+ 35. Qxe1 Kf7 36. Be3 Qe5 1/2-1/2

[Event "TV Borken 1 - SG Turm Raesfeld/Erle 2"]
[Site "Regionalliga Münsterland 2019"]
[Date "2019.11.30"]
[Round "4.8"]
[White "Suehling, Rasmus Gabriel"]
[Black "Droste, Laurenz"]
[Result "1-0"]
[WhiteElo "1445"]
[BlackElo "1604"]
[PlyCount "179"]
[EventDate "2019.??.??"]
[SourceDate "2019.09.14"]

1. e4 e6 2. d4 b6 3. c3 Bb7 4. e5 c5 5. Nf3 cxd4 6. cxd4 Bb4+ 7. Bd2 Nc6 8. a3
Bxd2+ 9. Nbxd2 Nge7 10. Nc4 O-O 11. Nd6 Qc7 12. Rc1 Nf5 13. d5 exd5 14. Nxf5
Rae8 15. Be2 Qb8 16. Nd6 Re6 17. Nxb7 Qxb7 18. Qxd5 Qb8 19. O-O Nxe5 20. Nxe5
Rxe5 21. Qc4 Rfe8 22. Bf3 Rc5 23. Qd4 d6 24. Qf4 Qd8 25. h3 g6 26. Rfd1 Re6 27.
Rxc5 bxc5 28. Qc4 Qb6 29. Bd5 Rf6 30. Qb3 Qa6 31. Bc4 Qc6 32. Qb8+ Kg7 33. Qxa7
Qe4 34. Bd3 Qf4 35. Rf1 Qd4 36. Be2 Qxb2 37. Bf3 c4 38. Bd5 c3 39. Qd4 Qxa3 40.
Qe3 Qb2 41. Rc1 Rxf2 42. Qxc3+ Qxc3 43. Rxc3 Rd2 44. Bf3 Kf6 45. Kf1 h5 46. Ke1
Rb2 47. Be2 d5 48. Kf2 d4 49. Rd3 Ke5 50. Kf3 g5 51. g4 h4 52. Ra3 Rb6 53. Ra5+
Kf6 54. Rf5+ Kg6 55. Bc4 f6 56. Ke4 Rb1 57. Kxd4 Rh1 58. Rf3 Re1 59. Kd5 Kg7
60. Ra3 Rd1+ 61. Rd3 Re1 62. Kc6 Rc1 63. Kd5 Re1 64. Kd4 Rc1 65. Re3 Rd1+ 66.
Bd3 Ra1 67. Re7+ Kf8 68. Rc7 Re1 69. Rc3 Kg7 70. Rc7+ Kf8 71. Rc3 Kg7 72. Be4
Rd1+ 73. Rd3 Ra1 74. Kd5 Ra5+ 75. Kd6 Kf8 76. Bd5 Ra6+ 77. Kd7 Ra7+ 78. Kd8 Re7
79. Rf3 Re8+ 80. Kd7 Re7+ 81. Kd6 Re1 82. Rxf6+ Kg7 83. Rf7+ Kg6 84. Be6 Re3
85. Ke7 Re4 86. Rf6+ Kg7 87. Rf7+ Kg6 88. Rf8 Kg7 89. Rg8+ Kh6 90. Kf7 1-0

[Event "SC Klein-Berlin Rheine 1 - SG Ahaus-Wes"]
[Site "Regionalliga Münsterland 2019"]
[Date "2019.11.30"]
[Round "4.1"]
[White "Wensing, Maximilian"]
[Black "Bruemmer, Frank"]
[Result "1-0"]
[WhiteElo "2110"]
[BlackElo "2198"]
[PlyCount "73"]
[EventDate "2019.??.??"]
[SourceDate "2019.09.14"]

1. c4 e5 2. g3 Nc6 3. Bg2 g6 4. Nc3 Bg7 5. e3 d6 6. Nge2 Nge7 7. Rb1 a5 8. a3
Be6 9. Nd5 O-O 10. O-O f5 11. d4 g5 12. f4 gxf4 13. exf4 exd4 14. b3 Bf7 15.
Bb2 Bh5 16. Bf3 Bxf3 17. Rxf3 Qd7 18. Nxd4 Nxd4 19. Bxd4 Nc6 20. Bxg7 Qxg7 21.
Re3 Rae8 22. Qd3 Qd4 23. Qxd4 Nxd4 24. Rxe8 Rxe8 25. Nf6+ Kf7 26. Nxe8 Kxe8 27.
Kf2 Kd7 28. Ke3 c5 29. Kd3 b5 30. b4 axb4 31. axb4 Kc6 32. cxb5+ Nxb5 33. bxc5
dxc5 34. Re1 Nd6 35. Re7 Kd5 36. Rxh7 c4+ 37. Ke3 1-0

[Event "SC Klein-Berlin Rheine 1 - SG Ahaus-Wes"]
[Site "Regionalliga Münsterland 2019"]
[Date "2019.11.30"]
[Round "4.2"]
[White "Ottens, Stephan"]
[Black "Schulze Ameling, Hendrik"]
[Result "1-0"]
[WhiteElo "2057"]
[BlackElo "2004"]
[PlyCount "79"]
[EventDate "2019.??.??"]
[SourceDate "2019.09.14"]

1. e4 e6 2. c4 c6 3. Nc3 Bb4 4. Qb3 Na6 5. Nf3 Qe7 6. a3 Ba5 7. Qc2 e5 8. b4
Bc7 9. d4 exd4 10. Nxd4 Be5 11. Be3 Nh6 12. Be2 d6 13. f4 Bf6 14. O-O O-O 15.
h3 Nf5 16. Nxf5 Bxf5 17. Bd3 Rfe8 18. Rae1 Bd7 19. Bf2 g6 20. Rd1 Nc7 21. Rde1
Qf8 22. c5 d5 23. exd5 cxd5 24. f5 Qg7 25. Ne2 gxf5 26. Bxf5 Bxf5 27. Qxf5 Re5
28. Qf3 Rg5 29. Be3 Rg6 30. Bf4 Ne6 31. Qxd5 Rd8 32. Qxb7 Bd4+ 33. Kh1 Rf6 34.
Nxd4 Nxf4 35. Nb5 Nh5 36. Rxf6 Qxf6 37. Nd6 Qf2 38. Qe7 Ng3+ 39. Kh2 Rf8 40.
Qg5+ 1-0

[Event "SC Klein-Berlin Rheine 1 - SG Ahaus-Wes"]
[Site "Regionalliga Münsterland 2019"]
[Date "2019.11.30"]
[Round "4.3"]
[White "Rosing, Hermann"]
[Black "Averkamp Peters, Jens"]
[Result "1/2-1/2"]
[WhiteElo "1980"]
[BlackElo "1958"]
[PlyCount "55"]
[EventDate "2019.??.??"]
[SourceDate "2019.09.14"]

1. f4 d5 2. Nf3 c5 3. e3 Bg4 4. b3 Nc6 5. Bb2 Nf6 6. Bb5 Qb6 7. Bxc6+ Qxc6 8.
h3 Bxf3 9. Qxf3 e6 10. O-O Bd6 11. d3 O-O-O 12. Nd2 Bc7 13. Rad1 h5 14. c4 h4
15. e4 dxe4 16. dxe4 Ba5 17. e5 Bxd2 18. Qxc6+ bxc6 19. exf6 Be3+ 20. Kh1 Rxd1
21. Rxd1 g6 22. Be5 Rd8 23. Rxd8+ Kxd8 24. g4 hxg3 25. Kg2 Bf2 26. Bb8 a6 27.
Bd6 Kd7 28. Be5 1/2-1/2

[Event "SC Klein-Berlin Rheine 1 - SG Ahaus-Wes"]
[Site "Regionalliga Münsterland 2019"]
[Date "2019.11.30"]
[Round "4.4"]
[White "Langhanke, Guenther"]
[Black "Diehlmann, Christian"]
[Result "1/2-1/2"]
[WhiteElo "1942"]
[BlackElo "1936"]
[PlyCount "37"]
[EventDate "2019.??.??"]
[SourceDate "2019.09.14"]

1. e4 c6 2. d4 d5 3. exd5 cxd5 4. Bd3 Nf6 5. c3 Nc6 6. Bf4 g6 7. Nd2 Bg7 8.
Ngf3 Nh5 9. Be3 O-O 10. O-O Bg4 11. h3 Bxf3 12. Nxf3 Qd6 13. Qd2 Rac8 14. Rfe1
e6 15. g4 Nf6 16. Bf4 Qd8 17. Ne5 Nxe5 18. Bxe5 Ne8 19. Bxg7 1/2-1/2

[Event "SC Klein-Berlin Rheine 1 - SG Ahaus-Wes"]
[Site "Regionalliga Münsterland 2019"]
[Date "2019.11.30"]
[Round "4.5"]
[White "Winking, Hendrik"]
[Black "Bruemmer, Andreas"]
[Result "1-0"]
[WhiteElo "1937"]
[BlackElo "1917"]
[PlyCount "137"]
[EventDate "2019.??.??"]
[SourceDate "2019.09.14"]

1. d4 f5 2. c4 Nf6 3. Nc3 g6 4. e3 Bg7 5. Be2 d6 6. h4 h6 7. Nh3 e5 8. dxe5
dxe5 9. Qxd8+ Kxd8 10. Bd2 Be6 11. O-O-O Nbd7 12. f3 c6 13. e4 Kc7 14. Nf2 f4
15. Na4 Nh5 16. Rhe1 Ng3 17. Bd3 Bf6 18. Nh1 Bxh4 19. Nxg3 Bxg3 20. Re2 a5 21.
Bc3 Rh7 22. Red2 Bh4 23. Bf1 Bf6 24. Rd6 Re7 25. c5 h5 26. b3 g5 27. Rxe6 Rxe6
28. Rxd7+ Kxd7 29. Nb6+ Ke8 30. Nxa8 Re7 31. Bxa5 g4 32. fxg4 hxg4 33. Be2 Rg7
34. Kd2 f3 35. Bf1 Bg5+ 36. Ke1 Be3 37. gxf3 gxf3 38. Nb6 Bxc5 39. Nc4 Bd4 40.
Bb6 c5 41. Nd6+ Kf8 42. Nf5 Rg4 43. Nxd4 Rxe4+ 44. Ne2 c4 45. bxc4 Ke7 46. Kf2
fxe2 47. Bxe2 Ke6 48. a4 Kd7 49. a5 Rh4 50. Ke3 Rf4 51. Bd3 Kc8 52. Be4 Rf6 53.
Bd5 Rf4 54. Be6+ Kb8 55. Kd3 Rf6 56. Bd5 Rf4 57. Be3 Rg4 58. Be6 Rh4 59. Bg5
Rd4+ 60. Kc3 Kc7 61. Kb4 Rd1 62. Be3 Rd3 63. Bc5 Rd1 64. Bb6+ Kc6 65. Bf5 Re1
66. Kc3 Kd6 67. Kd2 Rh1 68. Be4 Rh4 69. c5+ 1-0

[Event "SC Klein-Berlin Rheine 1 - SG Ahaus-Wes"]
[Site "Regionalliga Münsterland 2019"]
[Date "2019.11.30"]
[Round "4.6"]
[White "Kornick, Ulrich"]
[Black "Terdues, Guido"]
[Result "1-0"]
[WhiteElo "1912"]
[BlackElo "1734"]
[PlyCount "61"]
[EventDate "2019.??.??"]
[SourceDate "2019.09.14"]

1. d4 f5 2. Bf4 Nf6 3. h3 g6 4. c3 Bg7 5. Qb3 d6 6. Nd2 e6 7. e3 Nc6 8. Bb5 O-O
9. Bxc6 bxc6 10. Ngf3 Qe7 11. O-O h6 12. Rfe1 Kh7 13. Bh2 Bd7 14. e4 Rfb8 15.
Qa3 fxe4 16. Nxe4 Nxe4 17. Rxe4 Rb5 18. c4 Rf5 19. Rae1 Qf7 20. R4e3 a5 21. g4
Rf6 22. c5 Bf8 23. cxd6 cxd6 24. Bxd6 Bxd6 25. Qxd6 Rxf3 26. Rxf3 Qxf3 27.
Qxd7+ Kh8 28. Qxe6 Rf8 29. Qe3 Qf6 30. Qxh6+ Kg8 31. Qe3 1-0

[Event "SC Klein-Berlin Rheine 1 - SG Ahaus-Wes"]
[Site "Regionalliga Münsterland 2019"]
[Date "2019.11.30"]
[Round "4.7"]
[White "Parameswaran, Vithushan"]
[Black "Ratert, Matthias"]
[Result "1-0"]
[WhiteElo "1791"]
[BlackElo "1857"]
[PlyCount "61"]
[EventDate "2019.??.??"]
[SourceDate "2019.09.14"]

1. e4 e5 2. Nf3 Nf6 3. Nxe5 d6 4. Nxf7 Kxf7 5. d4 c5 6. dxc5 Qa5+ 7. Nc3 Qxc5
8. Be3 Qa5 9. Bc4+ Be6 10. Bxe6+ Kxe6 11. Qf3 Qh5 12. Qxh5 Nxh5 13. Nb5 Na6 14.
Bxa7 Be7 15. O-O-O Rhc8 16. Kb1 Nc5 17. Bb6 Ra4 18. f3 Rc6 19. Ba7 Rca6 20.
Nc7+ Kf7 21. Nxa6 Rxa6 22. Bxc5 dxc5 23. Rd7 Rb6 24. Rhd1 Nf4 25. Rc7 Ne6 26.
Rcd7 Nd4 27. c3 Nb5 28. Kc2 Nd6 29. Rc7 Ke6 30. Rxc5 Nxe4 31. Rc7 1-0

[Event "SC Klein-Berlin Rheine 1 - SG Ahaus-Wes"]
[Site "Regionalliga Münsterland 2019"]
[Date "2019.11.30"]
[Round "4.8"]
[White "Horstmann, Michael"]
[Black "Wegener, Leon"]
[Result "1-0"]
[WhiteElo "1685"]
[BlackElo "1654"]
[PlyCount "99"]
[EventDate "2019.??.??"]
[SourceDate "2019.09.14"]

1. c4 Nf6 2. Nc3 g6 3. g3 Bg7 4. Bg2 c5 5. Nf3 Nc6 6. d4 cxd4 7. Nxd4 O-O 8.
O-O Qb6 9. Nb3 d6 10. Bg5 Be6 11. Nd5 Qd8 12. Bxf6 Bxf6 13. Nxf6+ exf6 14. Rc1
Rc8 15. Nd4 Ne5 16. b3 b6 17. Nb5 Qe7 18. Qxd6 Qxd6 19. Nxd6 Rc7 20. Rcd1 Rd7
21. Nb5 Rfd8 22. Nc3 Rxd1 23. Rxd1 Rxd1+ 24. Nxd1 Bd7 25. Nc3 Nc6 26. Kf1 Kf8
27. Ke1 Ke7 28. Kd2 h6 29. f4 g5 30. e3 Kd6 31. Nd5 Ke6 32. Kc3 h5 33. Bf3 h4
34. e4 hxg3 35. hxg3 gxf4 36. gxf4 f5 37. e5 Bc8 38. Nf6 Ne7 39. Bd5+ Nxd5+ 40.
cxd5+ Ke7 41. Kd4 Ba6 42. Ng8+ Kf8 43. Nf6 Ke7 44. a3 Bb7 45. Nh5 Bc8 46. Ng3
a6 47. Nf1 Bb7 48. Nd2 f6 49. Nc4 fxe5+ 50. Kxe5 1-0